History of Partition of India (Record no. 9361)

MARC details
000 -LEADER
fixed length control field 00977nam a2200277 a 4500
020 ## - INTERNATIONAL STANDARD BOOK NUMBER
ISBN
082 00 - DEWEY DECIMAL CLASSIFICATION NUMBER
Classification number 954.035
Author Cutter AZI
100 ## - MAIN ENTRY--AUTHOR NAME
Author name Aziz, K K
245 ## - TITLE STATEMENT
Title History of Partition of India
Sub title Origin and Development of the Idea of Pakist
260 ## - PUBLICATION, DISTRIBUTION, ETC. (IMPRINT)
Place of publication New Delhi
Name of publisher Atlantic Publishers and Distributors
Year of publication 1988
300 ## - PHYSICAL DESCRIPTION
Number of Pages 300p
500 ## - GENERAL NOTE
General note includes index and biblioraphy
505 2# - FORMATTED CONTENTS NOTE
Formatted contents note biblio., index
505 2# - FORMATTED CONTENTS NOTE
Formatted contents note biblio., index00
650 ## - SUBJECT ADDED ENTRY--TOPICAL TERM
Topical Term India-Partition
650 ## - SUBJECT ADDED ENTRY--TOPICAL TERM
Topical Term Pakistan-History
650 ## - SUBJECT ADDED ENTRY--TOPICAL TERM
Topical Term Communalism-India
942 ## - ADDED ENTRY ELEMENTS (KOHA)
Koha item type Books
700 1# -
-- Aziz, K K
Holdings
Collection code Home library Current library Shelving location Date acquired Cost, normal purchase price Full call number Accession Number Koha item type
Reference Henry Martyn Institute Library Henry Martyn Institute Library Reference 07/16/2019 900.00 954.035 AZI V.1 014486 Books
Reference Henry Martyn Institute Library Henry Martyn Institute Library Reference 07/16/2019 900.00 954.035 AZI V.2 014487 Books
Reference Henry Martyn Institute Library Henry Martyn Institute Library Reference   900.00 954.035 AZI V. 3-4 014488 Books
                   Copyright © 2026 | Henry Martyn Institute | Hyderabad | TS-500052 | INDIA | Implemented by hmi.edu.in
Hit-Count:

Powered by Koha